Cinq plus grandes villes de France par cercle concentrique - Statistiques

Statistiques générales
  • Ce quiz a été pris 43 fois
  • Le résultat moyen est 19 sur 25
Réponses sur la Carte
Les réponses sont colorées sur une échelle allant du rouge au vert en fonction du pourcentage des utilisateurs qui les ont devinées à leur premier essai. Vous pouvez retrouver ces pourcentages ci-dessous.
 
Statistiques - réponses
Distance
(km)
Population Ville % Correct
200 - 400 km 261 804 Bordeaux
100%
100 - 200 km 522 250 Lyon
100%
400 - 800 km 873 076 Marseille
100%
400 - 800 km 348 085 Nice
100%
400 - 800 km 291 313 Strasbourg
100%
200 - 400 km 504 078 Toulouse
100%
400 - 800 km 236 710 Lille
98%
200 - 400 km 2 133 111 Paris
98%
200 - 400 km 323 204 Nantes
95%
50 - 100 km 147 327 Clermont-Ferrand
93%
200 - 400 km 302 454 Montpellier
93%
100 - 200 km 172 718 Saint-Etienne
93%
400 - 800 km 180 452 Toulon
90%
100 - 200 km 137 658 Tours
88%
100 - 200 km 129 760 Limoges
80%
50 - 100 km 63 702 Bourges
75%
100 - 200 km 156 928 Villeurbanne
75%
50 - 100 km 42 968 Châteauroux
68%
50 - 100 km 25 789 Vichy
68%
50 - 100 km 32 830 Nevers
63%
< 50 km 33 342 Montluçon
53%
< 50 km 9 459 Saint-Amand-Montrond
28%
< 50 km 6 059 Commentry
10%
< 50 km 8 667 Domérat
5%
< 50 km 4 387 Désertines
3%
Aucun quiz correspondant
Distribution des résultats
% des personnes avec chaque résultat
Percentile par nombre de réponses
Votre historique - résultats
Vous n’avez pas pris ce quiz